📖 150 premiers mots "Tentation" (Twilight T.2) N°1 Prologue S.Meyer - Statistiques

Statistiques générales
  • Ce quiz a Ă©tĂ© pris 242 fois
  • Le rĂ©sultat moyen est 60 sur 150
Statistiques - réponses
Mots % Correct
j'
96%
Ă 
94%
Alice,
94%
s'
91%
l'
88%
je
84%
Je
84%
n'
83%
d'
81%
ma
80%
Ma
80%
la
74%
- la
74%
lĂ .
74%
me
73%
de
72%
et
71%
ce
65%
est
65%
les
64%
se
64%
oĂą
62%
que
59%
pas
57%
pour
57%
Mes
56%
mes
56%
un
56%
ne
54%
On
54%
on
54%
en
53%
une
52%
une ...
52%
mais
51%
au
50%
par
49%
nous
43%
du
40%
étais
40%
jour-
38%
peau
38%
plus
36%
dit
35%
elles,
30%
elles
30%
sans
30%
tout.
28%
tout
28%
aurait
22%
ceux
20%
fin
19%
fin
19%
alors
18%
leur
18%
yeux,
18%
cauchemar
14%
jusqu'
14%
rien
14%
sauver
14%
jambes
12%
mesure
12%
train
11%
chose
10%
courir
10%
forcé
10%
force
10%
quelque
10%
assez
9%
avions
8%
fur
8%
fuir,
7%
prise
7%
rĂŞver,
7%
vite.
7%
cependant,
6%
chemin
6%
piège
6%
poumons
6%
pourtant
6%
impression
5%
parmi
5%
propre
5%
aiguilles
4%
donnent
4%
exploser,
4%
horloge,
4%
immense
4%
mauvais
4%
réussisse
4%
Selon
4%
songe,
4%
terrifiant,
4%
badauds
3%
bouger
3%
course.
3%
différence
3%
frayais
3%
inexorablement
3%
infiniment
3%
paraissaient
3%
précieux.
3%
Animées
2%
cavalais
2%
engourdir
2%
implacable,
2%
indifférentes,
2%
insoucieux,
2%
pesait
2%
ralentissaient
2%
rapprochant
2%
survie
2%
tournaient,
2%
Aucun quiz correspondant
Distribution des résultats
% des personnes avec chaque résultat
Percentile par nombre de réponses
Votre historique - résultats
Vous n’avez pas pris ce quiz